000 01598nam a2200361Ia 4500
001 ebr10602135
003 CaPaEBR
006 m u
007 cr cn|||||||||
008 120818s2012 nju sb 001 0 eng d
010 _z 2012032667
020 _z9781118382837 (hardback)
020 _z9781118420775
040 _aCaPaEBR
_cCaPaEBR
035 _a(OCoLC)808010151
050 1 4 _aTH6012
_b.F63 2012eb
082 0 4 _a658.200285
_223
130 0 _aFM technology update.
245 1 0 _aTechnology for facility managers
_h[electronic resource] :
_bthe impact of cutting-edge technology on facility management /
_cIFMA, IFMA Foundation ; Eric Teicholz, IFMA fellow, editor.
246 3 _aImpact of cutting-edge technology on facility management
260 _aHoboken, NJ :
_bJohn Wiley & Sons, Inc.,
_c2012.
300 _axlii, 294 p.
500 _a"Expanded and revised version of the 2008 FM technology update published by the IFMA Foundation"--Introduction.
504 _aIncludes bibliographical references and index.
533 _aElectronic reproduction.
_bPalo Alto, Calif. :
_cebrary,
_d2011.
_nAvailable via World Wide Web.
_nAccess may be limited to ebrary affiliated libraries.
650 0 _aFacility management
_xTechnological innovations.
650 0 _aIntelligent buildings.
650 0 _aElectronic apparatus and appliances.
655 7 _aElectronic books.
_2local
700 1 _aTeicholz, Eric.
710 2 _aebrary, Inc.
856 4 0 _uhttp://site.ebrary.com/lib/rucke/Doc?id=10602135
_zAn electronic book accessible through the World Wide Web; click to view
999 _c194944
_d194944